000
00276nam a22001217a 4500
082
_a
894.812.3
_b
NAM/K
100
_a
NAMBOOTHIRI,ESWARAN,- Tr.
245
_a
KHALIFAYUM ATHIPPAZHANGALUM
260
_a
KOTTAYM
_b
MAMBAZHAM
300
_a
184
650
_a
STORY
_z
KERALA
942
_c
BK
999
_c
1641
_d
1641